[Event "TUR-ch (Women)"]
[Site "Ayvalik"]
[Date "2022.03.09"]
[Round "7"]
[White "Topal, Berfin"]
[Black "Kum, Busra"]
[Result "1-0"]
[WhiteElo "1276"]
[BlackElo "1062"]
[PlyCount "115"]
[EventDate "2022.03.05"]
[EventType "swiss"]
[EventRounds "9"]
[EventCountry "TUR"]
[SourceTitle "EXT 2023"]
[Source "ChessBase"]
[SourceDate "2022.10.05"]
[SourceVersion "1"]
[SourceVersionDate "2022.10.05"]
[SourceQuality "1"]

1. d4 Nf6 2. Nf3 d6 3. e3 Nbd7 4. Bd3 e5 5. dxe5 dxe5 6. Bb5 c6 7. Bc4 Be7 8. Nc3 b5 9. Be2 Qc7 10. a3 a5 11. 0-0 0-0 12. b3 Rd8 13. Bb2 Nc5 14. Qc1 Bg4 15. Nd2 Qd7 16. Bxg4 Nxg4 17. Nde4 Qf5 18. Ng3 Qg6 19. h3 Nh6 20. Nce2 Rd5 21. b4 Na4 22. e4 Bg5 23. f4 exf4 24. exd5 fxg3 25. Nf4 Qe4 26. Bxg7 Kxg7 27. Ne6+ fxe6 28. Qxg5+ Qg6 29. Qxg6+ Kxg6 30. dxe6 Nf5 31. Rf3 axb4 32. axb4 Rd8 33. Raf1 Rd6 34. Rxf5 Rxe6 35. R5f3 h5 36. Rxg3+ Kh6 37. Rf8 Kh7 38. Rg5 Nc3 39. Rxh5+ Kg7 40. Rhf5 Ne4 41. h4 Rh6 42. Rf4 Nf6 43. R8xf6 Rxf6 44. Rxf6 Kxf6 45. g4 Ke5 46. h5 Kf6 47. Kf2 Kg7 48. Kf3 Kh7 49. Kf4 Kh6 50. g5+ Kg7 51. Kf5 Kh7 52. g6+ Kg8 53. Kf6 c5 54. h6 Kh8 55. g7+ Kh7 56. Kf7 c4 57. g8Q+ Kxh6 58. Qg6# 1-0

[Event "TUR-chT2"]
[Site "Konya"]
[Date "2018.07.14"]
[Round "7.12"]
[White "Topal, Berfin"]
[Black "Kucuk, Aybike"]
[Result "0-1"]
[WhiteElo "1218"]
[BlackElo "1129"]
[PlyCount "126"]
[EventDate "2018.07.10"]
[EventType "team-swiss"]
[EventRounds "9"]
[EventCountry "TUR"]
[SourceTitle "EXT 2019"]
[Source "ChessBase"]
[SourceDate "2018.10.10"]
[SourceVersion "1"]
[SourceVersionDate "2018.10.10"]
[SourceQuality "1"]
[WhiteTeam "Polatli Belediyesi"]
[BlackTeam "Artvin Il Ozel"]
[WhiteTeamCountry "TUR"]
[BlackTeamCountry "TUR"]

1. d4 d5 2. Nf3 Bf5 3. e3 Nf6 4. Bd3 Bxd3 5. cxd3 e6 6. 0-0 Bd6 7. Nc3 Nbd7 8. e4 dxe4 9. dxe4 Be7 10. Re1 0-0 11. Qb3 Nb6 12. Bd2 c5 13. Be3 Nfd7 14. Rad1 Rc8 15. dxc5 Bxc5 16. Bxc5 Rxc5 17. Qa3 Qb8 18. Qb4 Rfc8 19. Qd4 Rc4 20. Qd6 Qxd6 21. Rxd6 Rb4 22. Re2 Kf8 23. a3 Rb3 24. h3 Ke7 25. Red2 Rc7 26. Nd4 Kxd6 27. Ncb5+ Rxb5 28. Nxb5+ Kc6 29. Rc2+ Kxb5 30. Rxc7 Ka6 31. Kf1 f6 32. Ke2 g6 33. f4 h6 34. Kd3 Kb5 35. Kc2 Nc5 36. Re7 Nc8 37. Rh7 Nxe4 38. Rxh6 Ne7 39. Rh7 Nd5 40. Rxb7+ Ka6 41. Rb3 Nxf4 42. g4 Nf2 43. Kd2 N4xh3 44. Rf3 Ng5 45. Rb3 Nxg4 46. Rb8 f5 47. Rg8 Ne5 48. Ke3 Ngf7 49. Kf4 g5+ 50. Kg3 f4+ 51. Kg2 g4 52. Re8 Ng5 53. Rg8 Nef7 54. Rg6 Kb5 55. Rf6 e5 56. Rg6 e4 57. Rg8 e3 58. Re8 f3+ 59. Kf1 e2+ 60. Ke1 g3 61. Re7 g2 62. Kf2 Nh3+ 63. Kxf3 g1Q 0-1

[Event "TUR-chT 2nd League"]
[Site "Konya"]
[Date "2017.07.18"]
[Round "2.13"]
[White "Topal, Berfin"]
[Black "Meylani, Irem Serdil"]
[Result "0-1"]
[WhiteElo "1109"]
[BlackElo "1288"]
[PlyCount "160"]
[EventDate "2017.07.17"]
[EventType "team-swiss"]
[EventRounds "9"]
[EventCountry "TUR"]
[SourceTitle "CBM 179 Extra"]
[Source "ChessBase"]
[SourceDate "2017.08.23"]
[SourceVersion "1"]
[SourceVersionDate "2017.08.23"]
[SourceQuality "1"]
[WhiteTeam "Adamlari Amator"]
[BlackTeam "Yalova Altinkale"]
[WhiteTeamCountry "TUR"]
[BlackTeamCountry "TUR"]

1. e4 c6 2. d4 d5 3. Nc3 dxe4 4. Nxe4 Bf5 5. Ng3 Bg6 6. h4 h6 7. h5 Bh7 8. Nf3 Nd7 9. Bc4 e6 10. Qe2 Ngf6 11. Bd2 Qc7 12. 0-0-0 0-0-0 13. a3 Bd6 14. Qe1 Ng4 15. Rh3 Bf4 16. Bxf4 Qxf4+ 17. Qd2 Qxd2+ 18. Rxd2 Nb6 19. Bb3 Nd7 20. Rh4 Ngf6 21. c3 Rhe8 22. Bc2 Bxc2 23. Kxc2 Kc7 24. Re2 Rg8 25. Rf4 Rgf8 26. b3 b6 27. Rh4 a5 28. Re1 Rg8 29. Re2 Kb7 30. Rf4 Rgf8 31. Ne4 Nxh5 32. Rxf7 Rxf7 33. Nd6+ Kc7 34. Nxf7 Rf8 35. N7e5 Nf4 36. Nxd7 Kxd7 37. Re1 Nxg2 38. Rg1 Rxf3 39. Rxg2 g5 40. Rh2 Rf6 41. Kd2 Kd6 42. Ke3 e5 43. dxe5+ Kxe5 44. Rh5 c5 45. f4+ Rxf4 46. Rxh6 Rf6 47. Rh5 Rg6 48. Kf3 Kf5 49. Rh8 g4+ 50. Kg3 Ke4 51. Rd8 Ke3 52. Rd7 Ke4 53. Rd8 Ke3 54. Rd7 Ke2 55. Rd8 Ke3 56. Rd7 Ke4 57. Rd8 Kf5 58. Re8 Kf6 59. Re4 Kf5 60. Re7 Rd6 61. Re3 Rd1 62. c4 Rh1 63. Re8 Rh3+ 64. Kg2 Rxb3 65. Rf8+ Ke4 66. Rg8 Rxa3 67. Rxg4+ Kf5 68. Rh4 Rb3 69. Rh6 Ke4 70. Rh4+ Kd3 71. Kf3 Kc2+ 72. Ke4 a4 73. Kd5 a3 74. Kc6 Rb2 75. Rh2+ Kb3 76. Rh4 a2 77. Kxb6 a1Q 78. Kxc5 Qa5+ 79. Kd4 Qd8+ 80. Ke3 Qxh4 0-1